01307nas a2200241Ia 4500001001100000003001000011008004100021040002500062041001600087100003100103210001300134222001300147245006500160250001100225260004800236300001100284310001600295362003600311500029000347501011400637520029000751650002401041R235-R2512IT-CnALBA170116c99999999xx |||||||||||| ||und|| aIT-CnALBAcIT-CnALBA aPOLIGLOTTA  aROSCHINI P. GABRIELE, OSM. aMARIANUM aMARIANUM 0aMARIANUM. EPHEMERIDES MARIOLOGIAE. N. I-IV. ANNO VII. 1945.  a1a ed. a ROMAbPONTI. FAC. TEOL. SERVI DI M. c1945 a86 p.  aTRIMESTRALE aFascicolo: 1-4 / Anno: 8 (1945) aL'ASSUNZIONE NELLA TEOLOGIA CONTEMPORANEA. MOVIMENTO MARIOLOGICO PER LA DEFINIZIONE DELL'ASSUNTA. DEFINIBILITA' DELL'ASSUNTA. UN INSEGNAMENTO DI PIO XII. RECENSIONE DI ROSCHINI G. PIANA C. ASSUNZIONE DELLA VERGINE NEGLI SCRITTORI DEL SECOLO XIII. JUGIE M. MORTE E ASSUNZIONE DI MARIA.  aSocietà San Paolo EM - Piazza San Paolo, 14 - 12051 ALBA (CN) (non commercial uses only) ® Copyright 2017 aL'ASSUNZIONE NELLA TEOLOGIA CONTEMPORANEA. MOVIMENTO MARIOLOGICO PER LA DEFINIZIONE DELL'ASSUNTA. DEFINIBILITA' DELL'ASSUNTA. UN INSEGNAMENTO DI PIO XII. RECENSIONE DI ROSCHINI G. PIANA C. ASSUNZIONE DELLA VERGINE NEGLI SCRITTORI DEL SECOLO XIII. JUGIE M. MORTE E ASSUNZIONE DI MARIA.  aANGELI SANTI DEMONI